000 01222cam a22003617a 4500
003 CHAP
005 20220329133051.0
008 971013s1990 r 00010 d
010 _a1791
011 _a2763
035 _a1963
040 _cCHAP
090 _aTesis
100 0 0 _aGuerrero Gutiérrez, Juan Isaías.
_951219
245 0 _aDesbotonado químico en crisantemo estándar (Chrysanthemum morifolium R.)
260 _aChapingo, Méx. :
_bEl autor,
_c1990
300 _a93 h.
502 _aTesis (Ing. Agr. Esp. en Fitotecnia) -- UACH. Departamento de Fitotecnia
590 _aALEPH
_b10
_c20130110
_lUCH01
_h1209
590 _aBATCH-UPD
_b10
_c20130110
_lUCH01
_h0002
590 _aBATCH-UPD
_b10
_c20130110
_lUCH01
_h1639
590 _aBATCH-UPD
_b10
_c20130409
_lUCH01
_h1936
590 _aBATCH-UPD
_b10
_c20130914
_lUCH01
_h1057
590 _aCONVERSION
_b10
_c20130109
_lUCH01
_h1302
650 1 4 _aCrisantemo
_xCrecimiento.
_928945
650 1 4 _aDendranthema morifolium.
_931769
650 1 4 _aDesbotonado.
_932112
650 1 4 _aPlantas
_xCrecimiento
_xAditivos.
_988804
901 _aBK
942 _cFOLL
949 _bBC
_cTES
_d-11457
_eTS1
_h23499
_i1963
_si
949 _bBC
_cTES
_d-70090
_eTS2
_fc.2
_h23500
_i1963
_si
999 _c1791
_d1791